| 000 | 01099naa a22002777a 4500 | ||
|---|---|---|---|
| 001 | BR8805410 | ||
| 003 | BR-BrBNA | ||
| 005 | 20240918180307.0 | ||
| 007 | ta | ||
| 008 | 230509b bl.||||| |||| 00| 0 por d | ||
| 040 |
_aBR-BrBNA _bpor _cBiblioteca Nacional de Agricultura |
||
| 041 | _a(Pt) | ||
| 072 |
_aK50 _b3140 |
||
| 090 | _aK50 BR8805410 | ||
| 100 | 1 | _aRibas, L.C. | |
| 111 | 1 |
_a1. Encontro Brasileiro de Economia Florestal _cCuritiba, PR (Brazil) _d23-27 May 1988 |
|
| 245 | 1 | _aAvaliacao economica de investimentos em estufa para secagem artificial de madeira serrada de Pinus | |
| 260 | 3 |
_aCuritiba, PR (Brasil): _c1988. |
|
| 500 | _a1. Encontro Brasileiro de Economia Florestal. Anais. v. 2. Trabalhos voluntarios Curitiba, PR (Brasil): 1988. p. 275-291 (BR8805410-AM)K50 | ||
| 650 | _aMADEIRA SERRADA | ||
| 650 | _aPINHEIRO | ||
| 650 | _aSECAGEM ARTIFICIAL | ||
| 773 | 0 |
_t1. Encontro Brasileiro de Economia Florestal. Anais. v. 2. Trabalhos voluntarios _wK50 BR8805410 _gCuritiba, PR (Brasil), 1988. p. 275-291 |
|
| 909 |
_a202404 _bLucia _c55 _dLucia Elande |
||
| 942 |
_cAM _2AGRIS |
||
| 999 |
_c319631 _d319631 |
||